| 000 | 00840nam a22002057a 4500 | ||
|---|---|---|---|
| 003 | SISC | ||
| 005 | 20171103101627.0 | ||
| 008 | 171103b xxu||||| |||| 00| 0 eng d | ||
| 020 | _a9781906345211 | ||
| 050 |
_aCD BD 161 _b.M531 2010 |
||
| 245 |
_aTheory of knowledge / _cInternational Baccalaureate Organization |
||
| 260 |
_aUnited Kingdom : _bInternational Baccalaureate Organization, _cc2010. |
||
| 300 | _a1 CD | ||
| 500 | _aAccompanying material of the book entitled "Theory of knowledge: approach our assessment the IB way". | ||
| 650 |
_2Library of Congress Subject Classification _aTheory of knowledge (TOK) |
||
| 650 |
_2Library of Congress Subject Classification _aTheory of knowledge essay |
||
| 650 |
_2Library of Congress Subject Classifcation _aTheory of knowledge presentation |
||
| 942 |
_2lcc _cAVM |
||
| 999 |
_c344945 _d344945 |
||